One Sentence Presidential Elections, 1900-Present Quiz Stats

 Plays Quiz Updated Dec 2, 2020

Support Sporcle.
Go Orange.
Score 0/31 Timer 08:00
0 Plays Today
% Correct
2000
83.8%
2020
83.3%
1944
82.9%
2016
80.8%
1928
80.3%
1960
79.3%
1980
77.9%
1940
77.2%
1996
76.8%
1932
76.7%
2004
76.3%
1964
76.1%
1988
75.8%
1976
75.6%
2008
75.5%
1920
75.5%
% Correct
1956
75.4%
1984
72.3%
1948
71%
1992
70.4%
1952
70.4%
2012
69.8%
1968
66%
1972
63.7%
1900
60.9%
1936
60.5%
1924
56.9%
1912
53.2%
1904
52%
1916
51.5%
1908
49.3%

You're not logged in!

Compare scores with friends on all Sporcle quizzes.
OR
Log In

From the Vault

Naming Polyatomic Ions

by RyanWitchey

Frankly, we're not even sure we can pronounce polyatomic ions.
Remove Ads.
Support Sporcle.
Get the best of Sporcle when you Go Orange. This ad-free experience offers more features, more stats, and more fun while also helping to support Sporcle. Thank you for becoming a member.

Show Comments

Extras

Top Quizzes Today


Score Distribution

Your Account Isn't Verified!

In order to create a playlist on Sporcle, you need to verify the email address you used during registration. Go to your Sporcle Settings to finish the process.

Report this User

Report this user for behavior that violates our Community Guidelines.

Details: